| 000 | 00910nam a2200313Ia 4500 | ||
|---|---|---|---|
| 001 | 5019 | ||
| 003 | IT-RoPAU | ||
| 008 | 130308s9999 xx 000 0 und d | ||
| 040 | _aIT-RoPAU | ||
| 040 | _cIT-RoPAU | ||
| 041 | _aITALIANO | ||
| 100 | _aWolf Mauro | ||
| 100 | _gCodice Aut. SPICS: 422 | ||
| 245 | _aProduttività in televisione (La): elementi per una definizione | ||
| 245 | _bEconomia e Politica dei Mass Media | ||
| 250 | _a1a ed. | ||
| 260 | _aMILANO | ||
| 260 | _bAngeli Franco | ||
| 260 | _c1979 [1° Ed.:1979 - Ed.Ling.Originale:1979] | ||
| 300 | _a"7 p. (prefazione: no ; testo: 7 [pagine: 63-69])" | ||
| 650 | _aPOLITICA DELLA COMUNICAZIONE SOCIALE | ||
| 650 | _eCodice materia Spics: 3803 | ||
| 700 | _aStucchi GaetanoBruzzone Mariagrazia | ||
| 700 | _gCodice Aut. SPICS: 949Codice Aut. SPICS: 8732 | ||
| 942 | _cBK | ||
| 957 | _71 | ||
| 999 |
_c43875 _d43875 |
||
| 999 | _bSI | ||
| 999 | _g1 | ||